US States With Legal Cousin Marriage - Statistics

General Stats
  • This quiz has been taken 75 times
  • The average score is 15 of 19
Answer Stats
Answer % Correct
Alabama
94%
Florida
93%
Georgia
87%
New York
87%
California
84%
Virginia
84%
Alaska
82%
South Carolina
82%
North Carolina
81%
Vermont
79%
Tennessee
78%
Hawaii
76%
New Jersey
76%
Colorado
75%
Maryland
75%
New Mexico
75%
Rhode Island
75%
Connecticut
73%
Massachusetts
70%
No matching quizzes found
Score Distribution
Percent of People with Each Score
Percentile by Number Answered
Your Score History
You have not taken this quiz